00379 2200157 4500245005100000250001100051100002400062650001600086005001900102260001800121041001400139084001400153300001800167500002700185336000900212 aPakaian Adat MinangcAira Rizki RamadanihText aCet. 1 aAira Rizki Ramadani aKarya Siswa a20250925104959 aJakartac2025 aIndonesia a081 AIR p ailus. :c15cm aKarya Siswa Kelas X-PH atext